Guess the Fusion Rock Song Lyrics #265 - Statistics

General Stats
  • This quiz has been taken 7 times
  • The average score is 254 of 331
Answer Stats
Answer % Correct
a
100%
And
100%
and
100%
as
100%
for
100%
he
100%
I
100%
It
100%
it
100%
me
100%
so
100%
the
100%
The
100%
There
100%
to
100%
we
100%
What
100%
you
100%
baby
83%
can
83%
Can
83%
down
83%
feel
83%
in
83%
it's
83%
just
83%
of
83%
Oh
83%
out
83%
see
83%
they
83%
are
67%
dig
67%
good
67%
here
67%
is
67%
many
67%
real
67%
she
67%
sock
67%
things
67%
world
67%
everything
50%
Everything
50%
goes
50%
let's
50%
sight
50%
sun
50%
while
50%
with
50%
between
33%
birds
33%
clear
33%
gas
33%
grass
33%
grazin
33%
Grazin
33%
outta
33%
past
33%
Rock
33%
rock
33%
sure
33%
trees
33%
beamin
17%
dartin
17%
Flowers
17%
Friends of Distinction
17%
leaves
17%
mellow
17%
takin
17%
trip
17%
watchin
17%
beaming
0%
colors
0%
No matching quizzes found
Score Distribution
Percent of People with Each Score
Percentile by Number Answered
Your Score History
You have not taken this quiz